सुनो जयन्ती / (Record no. 34784)

MARC details
000 -LEADER
fixed length control field 01018nam a22002537a 4500
005 - DATE AND TIME OF LATEST TRANSACTION
control field 20100319094942.0
008 - FIXED-LENGTH DATA ELEMENTS--GENERAL INFORMATION
fixed length control field 100319t xxu||||| |||| 00| 0 hin d
010 ## - LCCN (DPL NO)
LC control number HIN-89173
020 ## - INTERNATIONAL STANDARD BOOK NUMBER
Terms of availability 275.00
International Standard Book Number 9789380208039
035 ## - SYSTEM CONTROL NUMBER
System control number HN-61519
037 ## - SOURCE OF ACQUISITION
Source of stock number/acquisition DBAD / PUB
040 ## - CATALOGING SOURCE
Original cataloging agency DPL
Language of cataloging HN
082 ## - DEWEY DECIMAL CLASSIFICATION NUMBER
Classification number
100 ## - MAIN ENTRY--PERSONAL NAME
Personal name यादव, उषा
9 (RLIN) 834
245 ## - TITLE STATEMENT
Title सुनो जयन्ती /
Statement of responsibility, etc उषा यादव
246 ## - VARYING FORM OF TITLE
Title proper/short title Suno Jayanti
Remainder of title by Usha Yadav
260 ## - PUBLICATION, DISTRIBUTION, ETC. (IMPRINT)
Place of publication, distribution, etc दिल्ली
Name of publisher, distributor, etc राही प्रकाशन
Date of publication, distribution, etc 2009
270 ## - ADDRESS
Address एल-45, गली नं-5, करतार नगर
City दिल्ली
Postal code 110053
300 ## - PHYSICAL DESCRIPTION
Extent 208पृ
Dimensions 22सेमी (सजिल्द)
650 ## - SUBJECT ADDED ENTRY--TOPICAL TERM
Topical term or geographic name as entry element लघु कथाएँ, हिन्दी
9 (RLIN) 1169
650 ## - SUBJECT ADDED ENTRY--TOPICAL TERM
Topical term or geographic name as entry element Short Stories, Hindi
9 (RLIN) 17352
942 ## - ADDED ENTRY ELEMENTS (KOHA)
Source of classification or shelving scheme Dewey Decimal Classification
Item type Hindi Books
Call number suffix यादव
Holdings
Withdrawn status Lost status Source of classification or shelving scheme Damaged status Not for loan Collection code Home library Current library Date acquired Source of acquisition Cost, normal purchase price Total Checkouts Full call number Barcode Date last seen Copy number Cost, replacement price Koha item type
    Dewey Decimal Classification   Not For Loan Non-fiction D.B.Act.Division D.B.Act.Division 19/03/2010 DBAD / PUB 275.00   यादव HN-61519 19/03/2010 1 275.00 Hindi Books

© Delhi Public Library
Hit Counter
free hit counter